Αφιέρωμα : εκατό χρόνια ενορίας Μεταστάσεως Θεοτόκου Μάννα, 1908-2008
Αποθηκεύτηκε σε:
| Άλλοι συγγραφείς: | |
|---|---|
| Μορφή: | Βιβλίο |
| Γλώσσα: | Greek |
| Δημοσίευση: |
[Χ.τ.] :
Τυποκυκλαδική,
[2008]
|
| Θέματα: | |
| Ετικέτες: |
Προσθήκη ετικέτας
Δεν υπάρχουν, Καταχωρήστε ετικέτα πρώτοι!
|
MARC
| LEADER | 00000cam a2200000 a 4500 | ||
|---|---|---|---|
| 001 | 1/124639 | ||
| 008 | 220405s2008####gr | ||| |||| ||gre|| | ||
| 040 | |a GR-MyUa |b gre |c GR-MyUa |e AACR2 | ||
| 041 | 0 | |a gre | |
| 082 | 7 | |a 274.9585 |2 (23) | |
| 245 | 0 | 0 | |a Αφιέρωμα : |b εκατό χρόνια ενορίας Μεταστάσεως Θεοτόκου Μάννα, 1908-2008 / |c επιμέλεια π. Ιωάννης Ασημάκης. |
| 260 | |a [Χ.τ.] : |b Τυποκυκλαδική, |c [2008] | ||
| 300 | |a 32 σ. : |b εικ. ; |c 24 εκ. | ||
| 651 | 0 | |a Syros Island (Greece) |x Religious life and customs. | |
| 700 | 1 | |a Ασημάκης, Ιωάννης, |e edt | |
| 970 | |a Κοντού |b Παρασκευή |z 05/04/2022 | ||